| 000 | 00674nam a2200205Ia 4500 | ||
|---|---|---|---|
| 003 | GCL | ||
| 008 | 140319s9999 xx 000 0 ara d | ||
| 040 |
_aGCL / _cGCL |
||
| 082 | 0 | 4 |
_a823.03 _bهـ ع |
| 100 | 1 | _aمحمود محمود | |
| 245 | 1 | 0 |
_aالعالم الطريف (هدية من الأديب عبدالفتاح الجمل) / _cمحمود محمود |
| 700 | 1 | _aهكسلى ، الدوس | |
| 300 | _a276 ص | ||
| 490 | _a | ||
| 650 | 0 | 4 | _aالقصص الانجليزية |
| 650 | 0 | 4 | _aالقصص الانجليزية المترجمة |
| 650 | 0 | 4 | _aالادب الانجليزى |
| 650 | 0 | 4 | _aالادب الانجليزى المترجم |
| 942 |
_2ddc _cBK |
||
| 999 |
_c40313 _d40313 |
||